| 000 | 01766nam0a2200481 4500 | ||
|---|---|---|---|
| 001 | RU\NLR\bibl\1299813 | ||
| 005 | 20250615150730.0 | ||
| 010 |
_a978-5-89814-415-9 _91500 |
||
| 010 | _a978-5-9704-0700-4 | ||
| 021 |
_aRU _b2008-80839 _94700 |
||
| 035 | _a(nilc)EL/0000225420 | ||
| 035 | _aVIL\RUSMED\0000142746 | ||
| 035 | _a(NLR Aleph) 001285409 | ||
| 090 |
_a525524 _c525524 |
||
| 100 | _a20081016d2008 |||y0rusy50 ca | ||
| 101 | 0 | _arus | |
| 102 | _aRU | ||
| 105 | _aa ||||||||| | ||
| 200 | 1 |
_aПарапротеинемические гемобластозы _fО. А. Рукавицын, Г. И. Сидорович |
|
| 210 |
_aМосква _cГЭОТАР-Медиа _aСанкт-Петербург _cД-П _d2008 |
||
| 215 |
_a302, [1] с., [11] л. ил., цв. ил. _cил. _d22 |
||
| 320 | _aБиблиогр. в конце кн. | ||
| 606 | 1 |
_aГемобластозы парапротеинемические _91447013 _3RU\NLR\auth\66302613 |
|
| 606 | 1 |
_aМиеломная болезнь _92077189 _3RU\NLR\auth\661252752 |
|
| 675 |
_a616-006.448 _vudc |
||
| 686 |
_a76.29.33 _2rugasnti |
||
| 686 |
_a76.29.49 _2rugasnti |
||
| 686 |
_aC04.557.595.500 _2MeSH |
||
| 686 |
_aC14.907.454.460 _2MeSH |
||
| 686 |
_aC15.378.147.780.650 _2MeSH |
||
| 686 |
_aC15.378.463.835.460 _2MeSH |
||
| 686 |
_aC20.683.515.845 _2MeSH |
||
| 686 |
_aC20.683.780.650 _2MeSH |
||
| 686 | _aР411.022 | ||
| 686 | _aР569.411 | ||
| 700 | 1 |
_aРукавицын _bО. А. _gОлег Анатольевич _4070 |
|
| 701 | 1 |
_aСидорович _bГ. И. _gГеоргий Игоревич _4070 |
|
| 801 | 0 |
_aRU _bЦНМБ _c20081016 _gPSBO |
|
| 801 | 1 |
_aRU _bЦНМБ _c20081016 |
|
| 801 | 2 |
_aRU _bNLR _c20081128 _grcr |
|
| 942 | _cBOOK | ||
| 980 | _aNB | ||